[Event "Hazel Park (MCO/2/32)"]
[Site "?"]
[Date "1987.??.??"]
[Round "?"]
[White "Thurman, John"]
[Black "Bewick, J.."]
[Result "1-0"]
[WhiteElo "1735"]
[BlackElo "1605"]
[PlyCount "81"]
[EventDate "1987.??.??"]

{2/(32)} 1. e4 e5 2. Nf3 Nc6 3. Bb5 a6 4. Ba4 b5 5. Bb3 Nf6 6. O-O d5 7. exd5
Nxd5 8. Nxe5 Nxe5 9. Re1 Qd6 10. d4 Bb7 11. Rxe5+ Be7 12. Nc3 Nxc3 13. bxc3 O-O
14. Qd3 Bf6 15. Re2 Rac8 16. Be3 Rfd8 17. a4 c5 18. axb5 c4 19. Bxc4 axb5 20.
Bxb5 Qd5 21. f3 Rd6 22. c4 Qh5 23. c3 Be5 24. f4 Rh6 25. fxe5 Qxh2+ 26. Kf1
Qh1+ 27. Bg1 Rg6 28. d5 Rc7 29. Qh3 Qxh3 30. gxh3 Kf8 31. Bb6 Rxb6 32. d6 Rc5
33. Rd1 Bf3 34. d7 Bxe2+ 35. Kxe2 Rxe5+ 36. Kf3 Rf6+ 37. Kg2 Re2+ 38. Kh1 Rfe6
39. d8=Q+ Re8 40. Bxe8 Rxe8 41. Qd6+ 1-0

[Event "Lansing (MI Op/2/4)"]
[Site "?"]
[Date "1987.??.??"]
[Round "?"]
[White "Thompson, Dexter"]
[Black "Robison, B.."]
[Result "1-0"]
[WhiteElo "2245"]
[BlackElo "2025"]
[PlyCount "81"]
[EventDate "1987.??.??"]

{2/(4)} 1. e4 e6 2. d4 d5 3. e5 c5 4. c3 Nc6 5. Nf3 Qb6 6. Be2 Nge7 7. dxc5
Qxc5 8. Be3 Qa5 9. O-O Ng6 10. Bd4 Qc7 11. Re1 Bd7 12. Bd3 Be7 13. Na3 Bxa3 14.
bxa3 Na5 15. Rb1 b6 16. a4 Nc4 17. h4 Qc6 18. Rb4 a5 19. Rxc4 dxc4 20. Be4 Qc8
21. Bxa8 Qxa8 22. Bxb6 Bc6 23. Qd6 Ne7 24. Nd4 Bxa4 25. Rb1 O-O 26. Qxe7 Qe4
27. Rf1 Qxe5 28. Bc7 Qd5 29. Re1 Re8 30. Qg5 Qd7 31. Be5 f6 32. Bxf6 Qf7 33.
Qxa5 gxf6 34. Qxa4 e5 35. Nf5 Qe6 36. Re4 Rf8 37. Rg4+ Kh8 38. Qa7 Rg8 39.
Rxg8+ Qxg8 40. Qe7 h5 41. Qxf6+ 1-0

[Event "Hazel Park (MCO/3/10)"]
[Site "?"]
[Date "1987.??.??"]
[Round "?"]
[White "Thompson, Dexter"]
[Black "Purdy, B.."]
[Result "0-1"]
[WhiteElo "2300"]
[BlackElo "1930"]
[PlyCount "82"]
[EventDate "1987.??.??"]

{3/(10)} 1. e4 c5 2. d4 cxd4 3. c3 dxc3 4. Nxc3 d6 5. Bc4 e6 6. Nf3 Nc6 7. O-O
Be7 8. Qe2 Bd7 9. Rd1 a6 10. a3 Nf6 11. Bg5 O-O 12. Bxf6 gxf6 13. b4 b5 14. Bb3
Rc8 15. Rd3 Kh8 16. Rad1 Rg8 17. Nh4 f5 18. exf5 Bxh4 19. Rxd6 Qg5 20. g3 Be8
21. fxe6 fxe6 22. Qxe6 Ne7 23. Nd5 Rg6 24. Qe2 Rxd6 25. Kf1 Nxd5 26. gxh4 Ne3+
27. fxe3 Rxd1+ 28. Qxd1 Qf5+ 29. Ke1 Qe5 30. Qf3 Rc1+ 31. Bd1 Kg7 32. Qg2+ Bg6
33. Qb7+ Rc7 34. Qb6 Qc3+ 35. Kf2 Rf7+ 36. Kg2 Qd2+ 37. Kh3 Qxd1 38. h5 Bf5+
39. Kg2 Qe2+ 40. Kg3 Qg4+ 41. Kf2 Bd3+ 0-1

[Event "Lansing (MI Op/6/1)"]
[Site "?"]
[Date "1987.??.??"]
[Round "?"]
[White "Thompson, Dexter"]
[Black "Noren, Kevin"]
[Result "1-0"]
[WhiteElo "2245"]
[BlackElo "2205"]
[PlyCount "93"]
[EventDate "1987.??.??"]

{6/(1)} 1. e4 e6 2. d4 d5 3. e5 c5 4. c3 Nc6 5. Nf3 Bd7 6. a3 c4 7. g3 Qc7 8.
Be3 f6 9. exf6 gxf6 10. Nh4 O-O-O 11. Nd2 e5 12. Bg2 Be6 13. O-O Nh6 14. b3
cxb3 15. Qxb3 Nf7 16. Rab1 Na5 17. Qa2 Kb8 18. c4 dxc4 19. dxe5 Nxe5 20. Ne4
Rd3 21. Nxf6 Be7 22. Nh5 Rxa3 23. Qd2 Bxh4 24. Qd4 Rxe3 25. Qxe3 Be7 26. Rfe1
Bd6 27. Rb5 Bf7 28. Nf4 Nac6 29. Reb1 b6 30. Qe4 Rc8 31. Nd5 Bxd5 32. Qxd5 Rd8
33. f4 Ng4 34. Qxc6 Qxc6 35. Bxc6 Kc7 36. Bf3 Ne3 37. Kf2 Nc2 38. Rc1 Na3 39.
Rh5 Bc5+ 40. Kf1 Rd3 41. Rxh7+ Kb8 42. Be2 Rd2 43. f5 Nc2 44. f6 c3 45. f7 Ne3+
46. Kf2 Ng4+ 47. Ke1 1-0

[Event "Lansing (MI Op/4/5)"]
[Site "?"]
[Date "1987.??.??"]
[Round "?"]
[White "Thompson, Dexter"]
[Black "Norcross, John"]
[Result "1-0"]
[WhiteElo "2245"]
[BlackElo "2115"]
[PlyCount "87"]
[EventDate "1987.??.??"]

{4/(5)} 1. e4 e5 2. Nf3 Nc6 3. Bc4 Nf6 4. d4 exd4 5. O-O Bc5 6. e5 d5 7. exf6
dxc4 8. Re1+ Be6 9. Ng5 Qd5 10. Nc3 Qf5 11. Nce4 O-O-O 12. g4 Qe5 13. Nf3 Qd5
14. fxg7 Rhg8 15. Nf6 Rxg7 16. Nxd5 Rxg4+ 17. Kf1 Bxd5 18. h3 Rg7 19. Bf4 d3
20. cxd3 Nd4 21. Be5 Bxf3 22. Bxg7 Bxd1 23. Bxd4 Bxd4 24. Raxd1 cxd3 25. Rxd3
c5 26. b4 c4 27. Rc1 b5 28. a4 a6 29. axb5 axb5 30. Rf3 Rd7 31. Rf5 Rb7 32. Rd1
Rd7 33. Rxb5 c3 34. Ke2 Rc7 35. Rc1 Bg7 36. Rc5 Rxc5 37. bxc5 Kc7 38. Kd3 Kc6
39. Kc4 Bf8 40. Rxc3 Bxc5 41. Rf3 Bb6 42. Rf6+ Kc7 43. Rxf7+ Kd6 44. Rf6+ 1-0

[Event "Hazel Park (MCO/5/13)"]
[Site "?"]
[Date "1987.??.??"]
[Round "?"]
[White "Thompson, Dexter"]
[Black "McGee, T.."]
[Result "1-0"]
[WhiteElo "2300"]
[BlackElo "1605"]
[PlyCount "101"]
[EventDate "1987.??.??"]

{5/(13)} 1. e4 g5 2. d4 e6 3. Bd3 Bg7 4. c3 d6 5. Be3 b6 6. Nd2 a6 7. Ne2 Bb7
8. Ng3 h6 9. Nh5 Bf8 10. h4 gxh4 11. Qg4 Nf6 12. Qxh4 Nxh5 13. Qxh5 Bg7 14. Rh3
Nd7 15. Qg4 Qf6 16. e5 dxe5 17. Ne4 Bxe4 18. Qxe4 Ra7 19. O-O-O exd4 20. Bxd4
e5 21. Bc2 c5 22. Be3 h5 23. Rf3 Qe7 24. Qf5 Rc7 25. Bg5 Bh6 26. Be3 Rc6 27.
Qe4 Qe6 28. Kb1 Bxe3 29. fxe3 Nf6 30. Qd3 Qc8 31. Qf1 Rh6 32. Bf5 Qb7 33. Qd3
Kf8 34. Qd8+ Ne8 35. Bd7 Rhe6 36. Bxe6 Rxe6 37. Ka1 Qe7 38. Qc8 e4 39. Rf5 Rd6
40. Rfd5 Kg7 41. Qf5 Rxd5 42. Rxd5 Nf6 43. Qg5+ Kh7 44. Rf5 Qd7 45. Rf1 Ng4 46.
Qxh5+ Nh6 47. Rh1 Qe6 48. g4 Kg7 49. g5 Nf5 50. Qh8+ Kg6 51. Rh5 1-0

[Event "East Detroit (MEX/2)"]
[Site "?"]
[Date "1987.??.??"]
[Round "?"]
[White "Thompson, Dexter"]
[Black "Mason, D.."]
[Result "1/2-1/2"]
[WhiteElo "2180"]
[BlackElo "2085"]
[PlyCount "94"]
[EventDate "1987.??.??"]

1. e4 c6 2. Nc3 d5 3. Nf3 d4 4. Ne2 c5 5. c3 Bg4 6. Ng3 Bxf3 7. Qxf3 Nc6 8. Bb5
e5 9. Bc4 Qf6 10. Qd1 g6 11. d3 Bg7 12. Qb3 Qe7 13. O-O Nf6 14. f4 O-O 15. f5
Na5 16. Qa4 Nxc4 17. Qxc4 Kh8 18. Bg5 Qd6 19. Rf3 Ng8 20. f6 Bxf6 21. Bxf6+
Nxf6 22. Raf1 Ng4 23. Rxf7 Ne3 24. Rxf8+ Rxf8 25. Rxf8+ Qxf8 26. Qe6 Nd1 27.
Qxe5+ Kg8 28. Nh1 Qh6 29. Qb8+ Qf8 30. Qxb7 Qf4 31. Qc8+ Kg7 32. Qd7+ Kg8 33.
h3 Qe3+ 34. Kh2 Qf4+ 35. Ng3 Ne3 36. cxd4 Qf2 37. Qe8+ Kg7 38. Qe7+ Kg8 39.
Qe8+ Kg7 40. Qe7+ Kg8 41. Qd8+ Kg7 42. Qc7+ Kh6 43. Nf5+ gxf5 44. Qc6+ Kg5 45.
e5 Nf1+ 46. Kh1 Ng3+ 47. Kh2 Nf1+ 1/2-1/2

[Event "Lansing (MI Op/5/2)"]
[Site "?"]
[Date "1987.??.??"]
[Round "?"]
[White "Thompson, Dexter"]
[Black "Fischvogt, Eric"]
[Result "1-0"]
[WhiteElo "2245"]
[BlackElo "2300"]
[PlyCount "25"]
[EventDate "1987.??.??"]

{5/(2)} 1. e4 c5 2. c3 Nf6 3. e5 Nd5 4. d4 cxd4 5. cxd4 Nc6 6. Nf3 d6 7. Nc3
Nxc3 8. bxc3 Bg4 9. Rb1 Rb8 10. d5 Nxe5 11. Nxe5 Bxd1 12. Bb5+ Qd7 13. Nxd7 1-0

[Event "Hazel Park (MCO/2/3)"]
[Site "?"]
[Date "1987.??.??"]
[Round "?"]
[White "Thompson, Dexter"]
[Black "Coleman, John"]
[Result "1/2-1/2"]
[WhiteElo "2300"]
[BlackElo "1905"]
[PlyCount "128"]
[EventDate "1987.??.??"]

{2/(3)} 1. e4 c6 2. d4 d5 3. Nc3 dxe4 4. Nxe4 Bf5 5. Ng3 Bg6 6. Nf3 Nd7 7. h4
h6 8. h5 Bh7 9. Bd3 Bxd3 10. Qxd3 Ngf6 11. Bd2 Qc7 12. O-O-O O-O-O 13. Qe2 e6
14. Ne5 Nxe5 15. dxe5 Nd7 16. f4 c5 17. Be3 Qc6 18. Qf3 Kc7 19. Qxc6+ Kxc6 20.
Ne4 Be7 21. Nd6 Bxd6 22. Rxd6+ Kc7 23. Rhd1 b6 24. Bf2 Nb8 25. Bh4 Rxd6 26.
Rxd6 Nc6 27. c3 g5 28. hxg6 fxg6 29. Rxe6 g5 30. Bg3 gxf4 31. Bxf4 h5 32. Rf6
Ne7 33. Rf7 Kd7 34. Bg5 Re8 35. Rh7 Ke6 36. Rxh5 Nd5 37. Bf6 Rg8 38. Rh7 Rxg2
39. Rxa7 c4 40. Rg7 Rh2 41. Rg1 Nf4 42. Rd1 Nd3+ 43. Kb1 Rxb2+ 44. Ka1 Rc2 45.
Rb1 Rxc3 46. Rxb6+ Kf5 47. Bg7 Rc1+ 48. Rb1 Rxb1+ 49. Kxb1 Nxe5 50. Kc2 Ke4 51.
Kc3 Kd5 52. a4 Nc6 53. Bf8 Na5 54. Be7 Nc6 55. Bg5 Kc5 56. Be3+ Kd5 57. Bb6 Nb8
58. Kb4 Kc6 59. Bd4 Kb7 60. Kxc4 Nc6 61. Be3 Ne5+ 62. Kb5 Nc6 63. Bb6 Na7+ 64.
Kc5 Nc6 1/2-1/2

[Event "Lansing (MI Op/6/33)"]
[Site "?"]
[Date "1987.??.??"]
[Round "?"]
[White "Thomas, Henry"]
[Black "Sanborn, Richard"]
[Result "0-1"]
[WhiteElo "1690"]
[BlackElo "1800"]
[PlyCount "60"]
[EventDate "1987.??.??"]

{6/(33)} 1. e4 c5 2. f4 d6 3. Nf3 Nc6 4. Bb5 Bd7 5. O-O Nf6 6. Nc3 a6 7. Bxc6
Bxc6 8. d3 g6 9. f5 Bg7 10. e5 Bxf3 11. Qxf3 dxe5 12. fxg6 hxg6 13. Bg5 O-O 14.
Ne4 Qd4+ 15. Be3 Qxb2 16. Bxc5 Nxe4 17. Qxe4 Bf6 18. Rae1 Qxc2 19. Qb4 Rae8 20.
Rf3 Qxa2 21. Ref1 Qd5 22. Be3 Rc8 23. Kh1 Kg7 24. Qg4 e4 25. dxe4 Qe5 26. Bf4
Qb5 27. Qg3 Rc5 28. Re1 Rh5 29. Rc1 Be5 30. Rcc3 Bxf4 0-1

[Event "Lansing (MI Op/2/39)"]
[Site "?"]
[Date "1987.??.??"]
[Round "?"]
[White "Thomas, Henry"]
[Black "Fuller, William"]
[Result "0-1"]
[WhiteElo "1690"]
[BlackElo "1880"]
[PlyCount "54"]
[EventDate "1987.??.??"]

{2/(39)} 1. e4 c5 2. f4 d5 3. exd5 Qxd5 4. Nc3 Qd8 5. Nf3 Nc6 6. Bb5 Bd7 7. O-O
Nf6 8. Ne5 Nxe5 9. fxe5 Bxb5 10. Nxb5 c4 11. Nc3 Qd4+ 12. Kh1 Qxe5 13. d4 cxd3
14. Qxd3 Rd8 15. Qc4 e6 16. Bf4 Qd4 17. Qb5+ Qd7 18. Qa5 b6 19. Qa6 Bd6 20.
Rad1 Qc6 21. Qxa7 O-O 22. Rxd6 Rxd6 23. Bxd6 Qxd6 24. Rd1 Qf4 25. Qxb6 Ng4 26.
g3 Qf3+ 27. Kg1 Ne3 0-1

[Event "Lansing (MI Op/4/32)"]
[Site "?"]
[Date "1987.??.??"]
[Round "?"]
[White "Thomas, Henry"]
[Black "Bailey, Greg"]
[Result "0-1"]
[WhiteElo "1690"]
[BlackElo "2010"]
[PlyCount "56"]
[EventDate "1987.??.??"]

{4/(32)} 1. e4 e6 2. d4 d5 3. Nc3 Bb4 4. a3 Bxc3+ 5. bxc3 c5 6. e5 Bd7 7. Qg4
g6 8. Nf3 Ba4 9. dxc5 Bxc2 10. Nd4 Qa5 11. Nxc2 Qxc3+ 12. Kd1 Nc6 13. Bb5 Qxc5
14. Qb4 Qxf2 15. Rf1 Qb6 16. a4 a6 17. Ba3 axb5 18. Qf8+ Kd7 19. Qxa8 b4 20.
Rxf7+ Nge7 21. Qxh8 Qg1+ 22. Ke2 Qxg2+ 23. Rf2 Qe4+ 24. Kd2 b3 25. Ne3 Qd4+ 26.
Ke2 Qxa1 27. Bxe7 b2 28. Bd6 Nd4+ 0-1

[Event "East Detroit (MEX/2)"]
[Site "?"]
[Date "1987.??.??"]
[Round "?"]
[White "Thomas, Carlton"]
[Black "Wygrecki, J.."]
[Result "1/2-1/2"]
[WhiteElo "2115"]
[BlackElo "2205"]
[PlyCount "89"]
[EventDate "1987.??.??"]

1. e4 e6 2. d4 d5 3. Nc3 Bb4 4. e5 Ne7 5. Nf3 c5 6. a3 Ba5 7. Bd3 Nbc6 8. O-O
a6 9. dxc5 Bxc3 10. bxc3 Ng6 11. Re1 Qa5 12. Bd2 Qxc5 13. h4 Bd7 14. h5 Nge7
15. Qb1 Na5 16. Nd4 h6 17. Re3 Nec6 18. Qe1 Nc4 19. Bxc4 dxc4 20. Nxc6 Bxc6 21.
Rg3 O-O-O 22. Qe3 Qd5 23. Be1 g6 24. hxg6 fxg6 25. Rxg6 Rdg8 26. Qg3 Rxg6 27.
Qxg6 Qxe5 28. Bd2 Qd5 29. Qg7 Qd8 30. Qd4 Qg8 31. g3 Rh7 32. Qxc4 Rd7 33. Be3
Qf7 34. Qg4 e5 35. Rd1 h5 36. Rxd7 Bxd7 37. Qd1 Bc6 38. Bb6 Qd5 39. Qxd5 Bxd5
40. Kf1 Be4 41. Ke2 Bxc2 42. Kd2 Bf5 43. c4 Kd7 44. Kc3 Kc6 45. Be3 1/2-1/2

[Event "Lansing (MI Op/1b/7)"]
[Site "?"]
[Date "1987.??.??"]
[Round "?"]
[White "Thomas, Carlton"]
[Black "Pierce, R.."]
[Result "1-0"]
[WhiteElo "2130"]
[BlackElo "1840"]
[PlyCount "65"]
[EventDate "1987.??.??"]

1. e4 e6 2. d4 d5 3. Nc3 Bb4 4. e5 c5 5. a3 Bxc3+ 6. bxc3 Qa5 7. Bd2 c4 8. Qg4
g6 9. h4 h5 10. Qf3 Qa4 11. Kd1 Nd7 12. Nh3 f5 13. Qg3 Nf8 14. Nf4 Ne7 15. Bc1
Bd7 16. Rb1 O-O-O 17. Qg5 Re8 18. Qg3 Rg8 19. Qf3 Nc6 20. Rh3 Re7 21. Rg3 Be8
22. Qe3 a5 23. Nxh5 Rh8 24. Nf6 Rxh4 25. Rh3 Rxh3 26. Qxh3 Kd8 27. Bg5 Kc8 28.
Qh8 Rf7 29. Nxe8 Nxd4 30. Nd6+ Kc7 31. cxd4 c3 32. Rxb7+ Kc6 33. Bb5+ 1-0

[Event "East Detroit (MEX/1)"]
[Site "?"]
[Date "1987.??.??"]
[Round "?"]
[White "Thomas, Carlton"]
[Black "Cooper, T.."]
[Result "1-0"]
[WhiteElo "2115"]
[BlackElo "2230"]
[PlyCount "77"]
[EventDate "1987.??.??"]

1. e4 c6 2. d4 d5 3. Nc3 dxe4 4. Nxe4 Nd7 5. Qe2 Ndf6 6. Nf3 Nxe4 7. Qxe4 Nf6
8. Qd3 g6 9. Be2 Bg7 10. O-O O-O 11. c4 Qc7 12. Be3 Rd8 13. h3 c5 14. Qa3 cxd4
15. Bxd4 Nh5 16. Bxg7 Kxg7 17. Qc3+ Kg8 18. Rfd1 Be6 19. b4 Nf4 20. Bf1 Rac8
21. Rxd8+ Qxd8 22. Qe3 Qc7 23. Rc1 b5 24. c5 Bxa2 25. Qa3 Bd5 26. Bxb5 Rb8 27.
Bf1 Bxf3 28. gxf3 Rd8 29. Qa5 Qc8 30. c6 Rd5 31. Qxa7 Nxh3+ 32. Bxh3 Qxh3 33.
Qb8+ Kg7 34. Qg3 Qc8 35. f4 f6 36. Qf3 Rb5 37. Qe2 Rh5 38. Qxe7+ Kh6 39. Qd7
1-0

[Event "Hazel Park (MCO/1/10)"]
[Site "?"]
[Date "1987.??.??"]
[Round "?"]
[White "Thomas, C.."]
[Black "Wright, Walter"]
[Result "1-0"]
[WhiteElo "2150"]
[BlackElo "1655"]
[PlyCount "57"]
[EventDate "1987.??.??"]

{1/(10)} 1. e4 d6 2. d4 Nf6 3. Nc3 g6 4. Nf3 Bg7 5. Be2 O-O 6. O-O Nbd7 7. Ne1
c5 8. d5 a6 9. a4 Re8 10. Bg5 Qb6 11. Nd3 Ne5 12. a5 Qc7 13. Nxe5 dxe5 14. Qd2
Nh5 15. Bxh5 f6 16. Bh6 gxh5 17. Ne2 e6 18. d6 Qf7 19. Ra3 Bxh6 20. Qxh6 Kh8
21. f4 Qg6 22. Qxg6 hxg6 23. fxe5 f5 24. Nf4 Kg7 25. Rg3 Rg8 26. Rxg6+ Kf7 27.
Rxg8 Kxg8 28. exf5 exf5 29. e6 1-0

[Event "Lansing (MI Op/7/8)"]
[Site "?"]
[Date "1987.??.??"]
[Round "?"]
[White "Thomas, C.."]
[Black "Skidmore, Mike"]
[Result "1-0"]
[WhiteElo "2130"]
[BlackElo "1920"]
[PlyCount "65"]
[EventDate "1987.??.??"]

{7/(8)} 1. e4 c6 2. Nf3 d5 3. Nc3 e6 4. d3 Nf6 5. Bg5 Be7 6. e5 Nfd7 7. Bxe7
Qxe7 8. Qd2 O-O 9. O-O-O c5 10. h4 Nc6 11. Qf4 f6 12. exf6 Nxf6 13. Qg5 h6 14.
Qd2 a6 15. d4 c4 16. Ne5 Nxe5 17. dxe5 Ng4 18. f4 Qc5 19. Qd4 Qxd4 20. Rxd4 b5
21. Be2 Ne3 22. g4 Ng2 23. f5 Rb8 24. Rh2 Ne3 25. Kd2 b4 26. Na4 b3 27. axb3
Nxc2 28. Kxc2 cxb3+ 29. Kd2 exf5 30. gxf5 Rxf5 31. Rxd5 Be6 32. Rd6 Rxe5 33.
Rxe6 1-0

[Event "Lansing (MI Op/5/10)"]
[Site "?"]
[Date "1987.??.??"]
[Round "?"]
[White "Thomas, C.."]
[Black "Mason, D.."]
[Result "1-0"]
[WhiteElo "2130"]
[BlackElo "2065"]
[PlyCount "111"]
[EventDate "1987.??.??"]

{5/(10)} 1. e4 c6 2. Nf3 d5 3. Nc3 d4 4. Ne2 c5 5. Ng3 Qc7 6. Bb5+ Bd7 7. Bxd7+
Nxd7 8. O-O e6 9. d3 Bd6 10. c3 Bxg3 11. hxg3 e5 12. cxd4 cxd4 13. Bg5 f6 14.
Rc1 Qb6 15. Bd2 Ne7 16. Qa4 Nc6 17. Qa3 Kf7 18. Nh4 Rhe8 19. Nf5 Re6 20. b4 Ne7
21. Qb3 Kf8 22. b5 a5 23. Rc2 g6 24. Bh6+ Kf7 25. Ng7 Qd6 26. Nxe6 Qxe6 27.
Qxe6+ Kxe6 28. Bd2 b6 29. Bc1 Rc8 30. Rxc8 Nxc8 31. Ba3 Nd6 32. Rc1 Nxb5 33.
Rc6+ Kf7 34. Bd6 Nc3 35. Bc7 Nxa2 36. Bxb6 Nxb6 37. Rxb6 Nb4 38. Rb5 Nxd3 39.
Rxa5 g5 40. Kf1 Nb2 41. Ra7+ Kg6 42. Ke2 Nc4 43. Rc7 Nd6 44. Kd3 h5 45. f4 Nf7
46. f5+ Kg7 47. Kc4 Kg8 48. Kd5 Nh6 49. Ke6 Ng4 50. Rd7 Kf8 51. Rd8+ Kg7 52.
Re8 d3 53. Re7+ Kg8 54. Rd7 Nf2 55. Kxf6 d2 56. Ke7 1-0

[Event "Lansing (MI Op/3/9)"]
[Site "?"]
[Date "1987.??.??"]
[Round "?"]
[White "Thomas, C.."]
[Black "Jarosz, Stan"]
[Result "1-0"]
[WhiteElo "2130"]
[BlackElo "2015"]
[PlyCount "87"]
[EventDate "1987.??.??"]

{3/(9)} 1. e4 c5 2. Nf3 e6 3. Nc3 Nc6 4. Bb5 Qc7 5. O-O a6 6. Bxc6 Qxc6 7. d4
cxd4 8. Nxd4 Qc7 9. f4 Bc5 10. Kh1 Ne7 11. Nb3 Bb4 12. Rf3 Qc6 13. Nd4 Qc7 14.
f5 Nc6 15. Nxc6 Qxc6 16. Qe2 b5 17. Nd5 Bc5 18. Rc3 b4 19. Nxb4 Qb6 20. Nd3 Bd4
21. Rb3 Qc6 22. c3 Ba7 23. Bf4 Bb7 24. Re1 a5 25. Ne5 Qc8 26. Qg4 g6 27. Qg5
Bc5 28. Qf6 Rf8 29. Bh6 Be7 30. Qg7 d6 31. Ng4 gxf5 32. Nf6+ Kd8 33. Nxh7 Re8
34. Ng5 fxe4 35. Qxf7 Bd5 36. c4 Qxc4 37. Rc3 Qxa2 38. Qf2 Rb8 39. Qa7 Rb7 40.
Nxe6+ Kd7 41. Rc7+ Kxe6 42. Rxb7 Bxb7 43. Qxb7 d5 44. Qc6+ 1-0

[Event "Hazel Park (MCO/5/5)"]
[Site "?"]
[Date "1987.??.??"]
[Round "?"]
[White "Thomas, C.."]
[Black "Farges, Y.."]
[Result "0-1"]
[WhiteElo "2130"]
[BlackElo "2085"]
[PlyCount "56"]
[EventDate "1987.??.??"]

{5/(5)} 1. e4 c5 2. Nf3 Nc6 3. Bb5 d6 4. Nc3 Bd7 5. O-O e5 6. d3 Be7 7. Ne2 Nf6
8. Ng3 Qb6 9. Ba4 O-O 10. c3 Rae8 11. Nh4 Nxe4 12. Nxe4 Bxh4 13. Nxd6 Re6 14.
Nf5 Qd8 15. Bb3 Rg6 16. Ng3 Kh8 17. Re1 f5 18. d4 cxd4 19. cxd4 f4 20. Ne4 Nxd4
21. Bc4 Bg4 22. Qd3 b5 23. Bxb5 Qb6 24. Qa3 Rd8 25. Bd3 Nf3+ 26. gxf3 Bxf3+ 27.
Ng3 fxg3 28. hxg3 Rxg3+ 0-1

[Event "Hazel Park (MCO/3/13)"]
[Site "?"]
[Date "1987.??.??"]
[Round "?"]
[White "Thomas, C.."]
[Black "Burg, Dan"]
[Result "1-0"]
[WhiteElo "2130"]
[BlackElo "1885"]
[PlyCount "105"]
[EventDate "1987.??.??"]

{3/(13)} 1. e4 Nf6 2. Nc3 d5 3. e5 Nfd7 4. d4 e6 5. Qg4 c5 6. Be3 cxd4 7. Bxd4
Nc6 8. Nf3 Nxd4 9. Nxd4 Nxe5 10. Qg3 Nc6 11. Ndb5 Rb8 12. O-O-O Be7 13. Qxg7
Bg5+ 14. Kb1 Qf6 15. Nd6+ Ke7 16. Nf5+ Ke8 17. h4 Qxg7 18. Nxg7+ Kf8 19. Nxe6+
Bxe6 20. hxg5 Rd8 21. Bd3 Kg7 22. f4 Bg4 23. Rde1 Nd4 24. Re5 Be6 25. Rh6 Nc6
26. Re1 Nb4 27. Ne2 Nxd3 28. cxd3 Bf5 29. Kc2 Rhe8 30. Kd2 Bg4 31. Nd4 Rxe1 32.
Kxe1 Rf8 33. Kf2 Re8 34. Rh4 Bd7 35. Nf3 Rc8 36. Ne5 Rc2+ 37. Kf3 Bc8 38. g4
Rxb2 39. f5 f6 40. gxf6+ Kxf6 41. d4 Bxf5 42. gxf5 Kxf5 43. Rxh7 Rxa2 44. Rf7+
Ke6 45. Rxb7 Ra3+ 46. Kf4 Ra4 47. Nf3 Kd6 48. Rh7 Ra3 49. Rh6+ Kc7 50. Ng5 Kd7
51. Ke5 Ra4 52. Ne6 Ra5 53. Nc5+ 1-0

[Event "Hazel Park (MCO/4/51)"]
[Site "?"]
[Date "1987.??.??"]
[Round "?"]
[White "Sturgis, Derreck"]
[Black "Robinson, Erik"]
[Result "0-1"]
[WhiteElo "1605"]
[BlackElo "1605"]
[PlyCount "106"]
[EventDate "1987.??.??"]

{4/(51)} 1. e4 Nc6 2. Nf3 e5 3. Bb5 Nf6 4. O-O Nxe4 5. Re1 d5 6. Nxe5 Qf6 7.
Bxc6+ bxc6 8. d4 Bb4 9. c3 Be7 10. Nf3 h6 11. Nbd2 Bf5 12. Nxe4 Bxe4 13. Ne5
O-O 14. Qh5 Bg6 15. Qf3 Qh4 16. Qg4 Bh5 17. Qxh4 Bxh4 18. Nxc6 f5 19. Ne7+ Bxe7
20. Rxe7 f4 21. Bd2 f3 22. g3 g5 23. Rae1 Bg4 24. R1e6 Bxe6 25. Rxe6 Kh7 26.
Re7+ Kg6 27. Rxc7 Rfb8 28. Rc6+ Kh7 29. b3 a5 30. Rf6 a4 31. b4 Rf8 32. Rd6
Rad8 33. Rc6 Rfe8 34. Be3 Rc8 35. Rxc8 Rxc8 36. Bd2 Kg6 37. h3 Kf5 38. Kf1 h5
39. Ke1 g4 40. h4 Re8+ 41. Be3 Rc8 42. Bd2 Ke4 43. Kd1 Kd3 44. Kc1 Re8 45. Be3
Kxc3 46. b5 Rb8 47. Bd2+ Kxd4 48. Be3+ Kd3 49. b6 d4 50. Bxd4 Kxd4 51. Kd2 Rxb6
52. Kc2 a3 53. Kc1 Kd3 0-1

[Event "Hazel Park (MCO/2/43)"]
[Site "?"]
[Date "1987.??.??"]
[Round "?"]
[White "Sturgis, Derreck"]
[Black "McCarter, Robert"]
[Result "0-1"]
[WhiteElo "1605"]
[BlackElo "1630"]
[PlyCount "70"]
[EventDate "1987.??.??"]

{2/(43)} 1. d4 Nf6 2. c4 e6 3. Nc3 Bb4 4. Bg5 O-O 5. Rc1 d5 6. e3 Bxc3+ 7. Rxc3
dxc4 8. e4 e5 9. Bxf6 Qxf6 10. Nf3 exd4 11. Nxd4 Rd8 12. Rxc4 Nc6 13. e5 Qxe5+
14. Qe2 Qa5+ 15. Qd2 Qxd2+ 16. Kxd2 Nxd4 17. Kc3 Ne6 18. Be2 c6 19. Rd1 Rxd1
20. Bxd1 Nc7 21. Bg4 Bxg4 22. Rxg4 Nd5+ 23. Kb3 Re8 24. f4 Re4 25. g3 h6 26.
Rh4 f5 27. Rh5 Ne3 28. a4 a5 29. Kc3 Rxa4 30. Kd3 Re4 31. b3 Re6 32. g4 Nxg4
33. Rxf5 b6 34. h3 Re3+ 35. Kc4 Rxh3 0-1

[Event "East Detroit (MEX/3)"]
[Site "?"]
[Date "1987.??.??"]
[Round "?"]
[White "Stefanski, Mark"]
[Black "Thompson, Dexter"]
[Result "0-1"]
[WhiteElo "2030"]
[BlackElo "2180"]
[PlyCount "84"]
[EventDate "1987.??.??"]

1. e4 e5 2. Nc3 Nf6 3. f4 d5 4. fxe5 Nxe4 5. d3 Qh4+ 6. g3 Nxg3 7. Nf3 Qh5 8.
Nxd5 Nxh1 9. Nxc7+ Kd8 10. Nxa8 Bg4 11. Bg2 Nc6 12. d4 Bxf3 13. Qxf3 Qxf3 14.
Bxf3 Nxd4 15. Be4 f5 16. exf6 Bb4+ 17. Kf1 gxf6 18. c3 Re8 19. Bxb7 Nc2 20. Bf4
Nxa1 21. cxb4 Nc2 22. Bxh1 Re1+ 23. Kg2 Nxb4 24. Nc7 Nd3 25. Bg3 Rb1 26. Nd5 f5
27. Bh4+ Ke8 28. Nf6+ Kf7 29. Nxh7 Kg7 30. Ng5 Nf4+ 31. Kf3 Ng6 32. Ne6+ Kg8
33. Nf4 Nxh4+ 34. Kg3 Rxh1 35. Kxh4 Rxh2+ 36. Kg5 Rxb2 37. Kxf5 Rxa2 38. Nd5 a5
39. Ke4 a4 40. Nc3 Rh2 41. Nb1 Kf7 42. Kd3 a3 0-1

[Event "Hazel Park (MCO/2/9)"]
[Site "?"]
[Date "1987.??.??"]
[Round "?"]
[White "Stefanski, Mark"]
[Black "Thomas, C.."]
[Result "1/2-1/2"]
[WhiteElo "1805"]
[BlackElo "2130"]
[PlyCount "89"]
[EventDate "1987.??.??"]

{2/(9)} 1. e4 e6 2. d4 d5 3. Nd2 c5 4. exd5 exd5 5. Bb5+ Bd7 6. Qe2+ Be7 7.
dxc5 Nf6 8. Ngf3 O-O 9. Nb3 Re8 10. O-O Bxc5 11. Qd3 Bb6 12. Bg5 Nc6 13. Qc3
Ne4 14. Bxd8 Nxc3 15. Bxb6 Nxb5 16. Be3 b6 17. Bf4 Rac8 18. Rfe1 Re4 19. Bg3
Nb4 20. c3 Nc2 21. Rxe4 dxe4 22. Rc1 exf3 23. Rxc2 fxg2 24. Rd2 Be6 25. Kxg2 h6
26. Bf4 Kh7 27. Be3 Kg6 28. a4 Nxc3 29. bxc3 Bxb3 30. Rd7 Ra8 31. a5 bxa5 32.
Rxa7 Rxa7 33. Bxa7 a4 34. Bc5 Bd5+ 35. f3 Kf5 36. Kf2 h5 37. Ke3 g5 38. Be7 f6
39. Bd6 Ke6 40. Bc5 f5 41. f4 g4 42. Kd4 h4 43. c4 Bg2 44. Kc3 Bf1 45. Bf2
1/2-1/2

[Event "Lansing (MI Op/7/13)"]
[Site "?"]
[Date "1987.??.??"]
[Round "?"]
[White "Stefanski, Mark"]
[Black "Knecht, Mark"]
[Result "1/2-1/2"]
[WhiteElo "1825"]
[BlackElo "2135"]
[PlyCount "49"]
[EventDate "1987.??.??"]

{7/(13)} 1. e4 c5 2. c4 Nc6 3. Ne2 g6 4. g3 Bg7 5. Nbc3 e6 6. Bg2 Nge7 7. d3 a6
8. Be3 Nd4 9. O-O Nec6 10. Qd2 O-O 11. Bh6 Bxh6 12. Qxh6 Qf6 13. Nf4 Qg7 14.
Qxg7+ Kxg7 15. Nfe2 d6 16. Nxd4 Nxd4 17. b3 Rb8 18. Rfd1 Rd8 19. Rd2 Bd7 20.
Ne2 Nxe2+ 21. Rxe2 e5 22. f4 h6 23. Rf2 f6 24. Raf1 Rf8 25. Rb2 1/2-1/2

[Event "Hazel Park (MCO/3/14)"]
[Site "?"]
[Date "1987.??.??"]
[Round "?"]
[White "Stefanski, Mark"]
[Black "Jarosz, Stan"]
[Result "1-0"]
[WhiteElo "1805"]
[BlackElo "2090"]
[PlyCount "81"]
[EventDate "1987.??.??"]

{3/(14)} 1. e4 c6 2. Nc3 d5 3. Nf3 Bg4 4. Be2 Nf6 5. Ng5 Bxe2 6. Qxe2 e6 7. f4
Be7 8. d3 O-O 9. g4 Na6 10. h4 d4 11. Nd1 Bb4+ 12. Kf1 Qd7 13. f5 exf5 14. gxf5
g6 15. Qf3 Rae8 16. a3 Ba5 17. b4 Bc7 18. Nf2 gxf5 19. Rg1 Kh8 20. Bb2 c5 21.
c3 Be5 22. cxd4 Bxd4 23. Rb1 Bxb2 24. Rxb2 Qd4 25. Re2 cxb4 26. Qxf5 Qe5 27.
Qxe5 Rxe5 28. d4 Rb5 29. Rc2 h6 30. e5 Nd5 31. Nxf7+ Rxf7 32. Rc8+ Kh7 33. Rgg8
Ne7 34. Rh8+ Kg6 35. e6 Rh7 36. h5+ Kg7 37. Rxh7+ Kxh7 38. Re8 bxa3 39. Rxe7+
Kg8 40. Ne4 a2 41. Nf6+ 1-0